| 000 | 00902ny a22002053n 4500 | ||
|---|---|---|---|
| 005 | 20240305165329.0 | ||
| 008 | 100323s bl 000 0 por d | ||
| 035 | _a2815 | ||
| 040 |
_aBUS _dvLex |
||
| 090 |
_c1343 _d1343 |
||
| 100 | 1 | _aZanetti Robson | |
| 245 | 1 | 0 |
_aAssédio moral no trabalho _h[Recurso electrónico] _cRobson Zanetti |
| 256 | _aServicio en línea | ||
| 260 |
_aBrasil : _bRobson Zanetti Advogados, _c2009 |
||
| 506 | 1 |
_aContenido solo disponible en los productos indicados _dvLex Global _dvLex Global (Academic Edition, excluding Law Schools) _dvLex Global (U.S. Academic Edition, Law Schools) _dvLex Global (U.S. Academic Edition, excluding Law Schools) _dvLex Global (Academic Edition, Law Schools) |
|
| 650 | 0 | 4 | _aAcoso en el lugar de trabajo |
| 740 | 0 | _avLex Libros (Servicios en línea) | |
| 856 | _uhttps://app.vlex.com/#/sources/assedio-moral-trabalho-2815 | ||
| 942 | _cRAA | ||
| 999 |
_c159823 _d159823 |
||